[Event "Barcelona Amateur op-E 7th"]
[Site "Barcelona"]
[Date "2009.02.03"]
[Round "1"]
[White "Franquesa Llopart, Albert"]
[Black "Xanco Compains, Joan"]
[Result "0-1"]
[WhiteElo "1781"]
[BlackElo "2108"]
[PlyCount "34"]
[EventDate "2009.02.03"]
[EventType "swiss"]
[EventRounds "8"]
[EventCountry "ESP"]
[SourceTitle "EXT 2011"]
[Source "ChessBase"]
[SourceDate "2010.11.26"]
[SourceVersion "1"]
[SourceVersionDate "2010.11.26"]
[SourceQuality "1"]

1. c4 Nc6 2. g3 e5 3. Bg2 Bc5 4. e3 d6 5. Nc3 Bf5 6. d3 Nge7 7. Nge2 0-0 8. 0-0 Qd7 9. Ne4 Bb6 10. a3 a5 11. N2c3 Bg4 12. Qc2 f5 13. Nd2 f4 14. exf4 exf4 15. Nd5 Nd4 16. Nxb6 cxb6 17. Qb1 f3 0-1